| 000 | 01268nam a22002657a 4500 | ||
|---|---|---|---|
| 999 |
_c64336 _d64336 |
||
| 005 | 20240530110726.0 | ||
| 008 | 180422s2017 ua g b 00| 0dara d | ||
| 017 |
_a2016/8064 _bمصر. دار الكتب |
||
| 020 | _a9789779107660 | ||
| 040 |
_aEG-CaGPL _cEG-CaGPL |
||
| 082 | 0 | 4 |
_221 _a338.973 / _bأ و |
| 100 | 0 | _aاحمد جلال بسيونى | |
| 245 | 1 | 2 |
_aالولايات المتحدة الامريكية من مواجهة الازمة الاقتصادية الى القيادة الدولية : _b1932 - 1945 / _cتاليف احمد جلال بسيونى ؛ تقديم جمال محمود حجر |
| 260 |
_aالقاهرة : _bالهيئة المصرية العامة للكتاب ، _c2016. |
||
| 300 |
_a296 ص. ؛ _c24 سم. |
||
| 504 | _aيشتمل على ارجاعات ببليوجرافية | ||
| 600 | 0 | _aفرانكلين روزفلت | |
| 650 | 0 | 7 |
_2qrmak _aالازمات الاقتصادية |
| 650 | 0 | 7 |
_2qrmak _aالكساد الكبير |
| 650 | 0 | 7 |
_2qrmak _aالحرب العالمية الثانية |
| 651 | 0 | 7 |
_2qrmak _aالولايات المتحدة الامريكية _xالاحوال الاقتصادية |
| 700 | 0 |
_aجمال محمود حجر _eمقدم |
|
| 942 |
_2ddc _cBK |
||